000 00995nmc a2200325 a 4500
003 AR-BaBNM
005 20251128205811.0
008 178019s1996 ||||||||||||||000 | spa||
020 _a84-281-0879-X
040 _cAR-BaBNM
245 1 0 _aManual de organización de centros educativos
250 _a1ª ed.
260 _aBarcelona
_bOikos-tau
_c1996
300 0 _a628 p.
_bgráfs., diagr.
490 0 _aPráctica en educación
_vv. 2
504 _aBibliografía por capítulos
650 4 _aORGANIZACION ESCOLAR
650 4 _aCENTROS PEDAGOGICOS
650 4 _aADMINISTRACION ESCOLAR
650 4 _aCALIDAD DE LA EDUCACION
650 4 _aPARTICIPACION DE LA COMUNIDAD
650 4 _aORGANIZACIONES DE ESTUDIANTES
651 4 _aEspaña
653 0 _aINSTITUCIONES EDUCATIVAS
653 _aEVALUACION INSTITUCIONAL
653 0 _aLEY DE ORDENACION GENERAL DEL SISTEMA EDUCATIVO {LOGSE}: ESPANA
700 1 _aCantón Mayo, Isabel
_ecoordinador
942 _cBK
998 _carturo
999 _c12858
_d12858